| 000 | 00568cam a22002291 4500 | ||
|---|---|---|---|
| 001 | sa 68003288 | ||
| 003 | DLC | ||
| 005 | 20260227112451.0 | ||
| 008 | 890710s1966 ii b 000 0 hino | ||
| 010 | _asa 68003288 | ||
| 035 | _a(OCoLC)19989014 | ||
| 040 |
_aDLC _cWaU _dDLC |
||
| 042 | _apremarc | ||
| 050 | 0 | 0 |
_aPK2095.S8 _bZ848 |
| 100 | 1 |
_aŚarmā, Haravaṃśalāla, _d1915- |
|
| 245 | 1 | 0 | _aSūradāsa. |
| 260 | _c[1966] | ||
| 300 |
_a265 p. _c22 cm. |
||
| 500 | _aIn Hindi. | ||
| 504 | _aBibliographical footnotes. | ||
| 600 | 0 | 0 |
_aSūradāsa, _d1483?-1563? |
| 999 |
_c79370 _d79370 |
||